000 01257nam0a2200301 4500
001 RU\NLR\BIBL_A\010730444
005 20250614092132.0
010 _a978-5-906701-31-2
_9500
021 _aRU
_b2015-7441
_9466
035 _a(NLR Aleph) 010730444
090 _a9862414
_c9862414
100 _a20150416d2014 |||y0rusy50 ca
101 0 _atat
102 _aRU
105 _aa z 000 y
200 1 _aЭчәр суым синдә, Кибәчем!
_e[Татарстан Респ. Саба р-ны Олы Кибәче авылы тарихы]
_fЛюция Шәрәфиева
210 _aКазан
_cИхлас
_d2014
215 _a239 б.
_cфот.
_d25
320 _aБиблиогр.: с. 232-238.
541 1 _6z01790
_aКибячи - родник души моей
_eст., воспоминания
_e[ист. с. Большие Кибячи Сабин. р-на Респ. Татарстан]
_zrus
606 1 _aТатарская деревня
_xИстория
_92175442
_3RU\NLR\auth-onl\66106
686 1 _aТ3(2Р-6Т)-9
700 1 _aШәрәфиева
_bЛ.
_gЛюция
_4070
790 1 _6z01541
_aШарафиева
_bЛ.
_gЛюция
_4070
852 _aNLR
_bОНЛ
_jТатар./4-1508
942 _cBOOK
980 _aNB